Service Par Excellence / (Record no. 27163)
[ view plain ]
| 000 -LEADER | |
|---|---|
| fixed length control field | 00909nam a22002417a 4500 |
| 001 - CONTROL NUMBER | |
| control field | 0000003870 |
| 003 - CONTROL NUMBER IDENTIFIER | |
| control field | PPM |
| 005 - DATE AND TIME OF LATEST TRANSACTION | |
| control field | 20260304123806.0 |
| 008 - FIXED-LENGTH DATA ELEMENTS--GENERAL INFORMATION | |
| fixed length control field | 260304b ||||| |||| 00| 0 eng d |
| 020 ## - INTERNATIONAL STANDARD BOOK NUMBER | |
| International Standard Book Number | 9833109063 |
| Terms of availability | RM 75.00 |
| Qualifying information | Hardback |
| 035 ## - SYSTEM CONTROL NUMBER | |
| System control number | 0000003870 |
| 040 ## - CATALOGING SOURCE | |
| Language of cataloging | Eng |
| Transcribing agency | Pusat Penyelidikan Mineral, Jabatan Mineral Dan Geosains Malaysia |
| Modifying agency | PPM |
| Description conventions | rda |
| 082 #0 - DEWEY DECIMAL CLASSIFICATION NUMBER | |
| Edition number | 23 |
| Classification number | 351.595 |
| Item number | WAN 2004 |
| 100 0# - MAIN ENTRY--PERSONAL NAME | |
| Personal name | Wan Mansor Wan Abdullah, Dato', |
| Relator term | author. |
| 245 10 - TITLE STATEMENT | |
| Title | Service Par Excellence / |
| Statement of responsibility, etc. | by Wan Mansor Abdullah |
| 260 #1 - PUBLICATION, DISTRIBUTION, ETC. | |
| Place of publication, distribution, etc. | Kuala Lumpur : |
| Name of publisher, distributor, etc. | Institut Tadbiran Awam Negara (INTAN) , |
| Date of publication, distribution, etc. | 2004 |
| 300 00 - PHYSICAL DESCRIPTION | |
| Extent | xii, 417 pages : |
| Other physical details | maps, photographs .; |
| Dimensions | 24 cm |
| 504 ## - BIBLIOGRAPHY, ETC. NOTE | |
| Bibliography, etc. note | Includes indexs (p.: 397 - 417) and bibliographical references (p.: 393 - 394) |
| 650 10 - SUBJECT ADDED ENTRY--TOPICAL TERM | |
| Topical term or geographic name entry element | Civil service |
| Geographic subdivision | Malaysia |
| 650 20 - SUBJECT ADDED ENTRY--TOPICAL TERM | |
| Topical term or geographic name entry element | Public administration |
| Geographic subdivision | Malaysia |
| 650 20 - SUBJECT ADDED ENTRY--TOPICAL TERM | |
| Topical term or geographic name entry element | Government publications |
| Geographic subdivision | Malaysia |
| 942 ## - ADDED ENTRY ELEMENTS (KOHA) | |
| Source of classification or shelving scheme | |
| Koha item type | Books |
| Withdrawn status | Lost status | Source of classification or shelving scheme | Damaged status | Not for loan | Collection code | Permanent Location | Current Location | Shelving location | Date acquired | Cost, normal purchase price | Total Checkouts | Full call number | Date last seen | Price effective from | Koha item type |
|---|---|---|---|---|---|---|---|---|---|---|---|---|---|---|---|
| Available | Open Shelf | PPM | PPM | Open Shelf | 04/03/2026 | 75.00 | 351.595 WAN 2004 | 04/03/2026 | 04/03/2026 | Books |